LEADER 01430nam0 2200313 i 450 001 SUN0064985 005 20080925120000.0 010 $a978-88-13-28527-2 100 $a20080626d2008 |0itac50 ba 101 $aita 102 $aIT 105 $a|||| ||||| 200 1 $aCodice penale degli Stati Uniti delle Isole Jonie (1841)$fcon scritti di D. Brunelli ... [et al.]$graccolti da Sergio Vinciguerra 205 $aRist. anast 210 $aPadova$cCEDAM$d2008 215 $aCLXXXV, 164, 17, 3 p.$d24 cm. - Contiene rist. anast. dell'ed.: Corfù : nella tipografia del Governo, 1841. 410 1$1001SUN0009425$12001 $a*Casi, fonti e studi per il diritto penale. Ser$h2$iLe fonti$v23$1210 $aPadova$cCEDAM. 606 $aCodice penale$2FI$3SUNC001943 620 $dPadova$3SUNL000007 676 $a345.009$cDIRITTO PENALE. STORIA, GEOGRAFIA, PERSONE$v21 702 1$aVinciguerra$b, Sergio$3SUNV002333 702 1$aBrunelli$b, David$3SUNV002981 712 $aCEDAM$3SUNV005537$4650 801 $aIT$bSOL$c20181109$gRICA 912 $aSUN0064985 950 $aUFFICIO DI BIBLIOTECA DEL DIPARTIMENTO DI GIURISPRUDENZA$d00 CONS XIV.A.39 $e00 BFG75 995 $aUFFICIO DI BIBLIOTECA DEL DIPARTIMENTO DI GIURISPRUDENZA$gBFG$h75$kCONS XIV.A.39$op$qa 996 $aCodice penale degli Stati Uniti delle Isole Jonie (1841$959711 997 $aUNICAMPANIA LEADER 04119nam 2200637 450 001 9910571797403321 005 20221122104010.0 010 $a2-7283-1564-7 024 7 $a10.4000/books.efr.39550 035 $a(CKB)5700000000086874 035 $a(FrMaCLE)OB-efr-39550 035 $a(oapen)https://directory.doabooks.org/handle/20.500.12854/85162 035 $a(PPN)263270432 035 $a(EXLCZ)995700000000086874 100 $a20220608d2022 |u| 0 101 0 $aeng 135 $auu||||||m|||| 181 $ctxt$2rdacontent 182 $cc$2rdamedia 183 $acr$2rdacarrier 200 00$aEmperors and imperial discourse in Italy, c. 1300-1500 $enew perspectives /$fedited by Anne Huijbers 210 $aRome$cPublications de l?École française de Rome$d2022 210 1$aRome :$cPublications de l?École française de Rome,$d2022. 215 $a1 online resource (368 p.) 225 0 $aCollection de l'École française de Rome,$v592 311 0 $a9782728315635 330 $aDescribing the Holy Roman Empire after 1250 as a hopeless dream or an empty formula only Roman in name, historians have long minimized the impact of the imperial presence in late-medieval Italy. The nationalist historiography, on which we still largely depend, presented the Empire as alien to the very essence of humanism and modernity. Associating humanism with republicanism, scholars silently suggested that the belief in the peace-bringing emperor faded away as the Renaissance unfolded. No real humanist, so it was believed, could genuinely support the medieval construct that was the Holy Roman Empire.Only recently has this historiographical framework really been challenged. The present volume builds further on the thesis that humanism was perfectly compatible with imperialist political ideals. It aims to bring together new perspectives on empire and emperors in Italy and to highlight the continuing importance of the imperial ideal throughout the fourteenth and fifteenth century. It focuses on imperial discourses in the writings of Italian historians, humanists, poets, jurists and notaries.The imitation of Roman emperors is both a sign of the Renaissance and a central aspect in medieval political thought. It may, therefore, not surprise that the descent of the ?king of the Romans? into Italy attracted the attention of Italians with humanist tastes. The name of empire aroused high expectations. Orations, histories, treatises, and letters show that many still generally accepted the legitimacy of the empire and considered the contemporary Holy Roman Emperor as the lawful leader of the Christian world. 606 $aCivilisation médiévale$xInfluence romaine$2ram 606 $aHumanistes$xPensée politique et sociale$zItalie$yMoyen âge$2ram 606 $aEmpereurs$xSaint Empire romain germanique$xHistoriographie$2ram 606 $aHistoriographie médiévale$xAspect politique$2ram 606 $aSaint Empire romain germanique$y1273-1517$2ram 607 $aItaly$xCivilization$xClassical influences$vCongresses 607 $aHoly Roman Empire$xHistory$y1273-1517$vCongresses 607 $aHoly Roman Empire$xKings and rulers$xHistoriography$vCongresses 607 $aItaly$xHistory$y1268-1492$vCongresses 607 $aEurope$zHoly Roman Empire$2fast 607 $aItaly$2fast 608 $aConference papers and proceedings.$2fast 608 $aHistory.$2fast 610 $aHoly Roman Empire 610 $aImperial discourse 610 $apolitical discourse 610 $aXIIIth-XVI centuries 615 7$aCivilisation médiévale$xInfluence romaine 615 7$aHumanistes$xPensée politique et sociale 615 7$aEmpereurs$xSaint Empire romain germanique$xHistoriographie 615 7$aHistoriographie médiévale$xAspect politique 615 7$aSaint Empire romain germanique 700 $aHuijbers$b Anne$4edt$01113600 702 $aHuijbers$b Anne 801 2$bBeLU 906 $aBOOK 912 $a9910571797403321 996 $aEmperors and imperial discourse in Italy, c. 1300-1500$93361102 997 $aUNINA